00342 a2200109 4500001001000000005001700010008004100027245005100068100002900119773006700148999001700215ART_1103420260410161732.0260409a 10aRendimiento de los nuevos títulos públicos1 aChapto, Alejandro Miguel0 tEjecutivos de finanzasg- Año 5, Nº 38 (jun. 1987)wREV2863 c17958d17958